| 000 | 00715nam a2200217Ia 4500 | ||
|---|---|---|---|
| 003 | GCL | ||
| 005 | 20240530101904.0 | ||
| 008 | 140319s9999 xx 000 0 ara d | ||
| 040 |
_aGCL / _cGCL |
||
| 082 | 0 | 4 |
_a808.8026 _bق/ا ر |
| 100 | 1 | _aابراهيم عبدالعزيز | |
| 245 | 1 | 0 |
_aرحلة فى عقول مصرية / _cابراهيم عبدالعزيز |
| 250 | _aالاولى | ||
| 260 |
_aالقاهرة : _bالهيئة المصرية العامة للكتاب ، _c1990 |
||
| 300 | _a682 ص | ||
| 490 |
_aتاريخ المصريين _v43 |
||
| 650 | 0 | 4 | _aالصحافة |
| 650 | 0 | 4 | _aالحوار الادبى |
| 650 | 0 | 4 | _aالصحافة - الجوانب السياسية |
| 942 |
_2ddc _cBK |
||
| 999 |
_c28493 _d28493 |
||